000 00413nam a2200169Ia 4500
008 230524s9999 xx 000 0 und d
020 _a8121901111
082 _a670.1
_bSHA
100 _aP.C.Sharma
245 2 _aA Text Book of Production Engineering
250 _a1
260 _aNew Delhi
_bS.Chand
_c2012
300 _a"vii,983p;"
500 _aQuantity Number: 100
650 _aMechanics
942 _cBK
999 _c51580
_d51580